Statistics for Top 10 Most Populous cities or towns in Alabama

Click here to take the quiz!

General Stats

  • This quiz has been taken 15 times
  • The average score is 6 of 10

Answer Stats

PopAnswer% Correct
205764Montgomery
100%
195111Mobile
100%
212237Birmingham
93%
180105Huntsville
80%
90468Tuscaloosa
67%
53380Auburn
47%
81619Hoover
33%
65496Dothan
33%
42938Madison
27%
55683Decatur
20%

Score Distribution

Percentile by Number Answered

Percent of People with Each Score

Your Score History

You have not taken this quiz